A theory of the firm's cost of capital (Record no. 149107)
[ view plain ]
| 000 -LEADER | |
|---|---|
| fixed length control field | 01433nam a2200361 a 4500 |
| 082 04 - DEWEY DECIMAL CLASSIFICATION NUMBER | |
| Classification number | 338.6/04101 |
| 100 1# - MAIN ENTRY--AUTHOR NAME | |
| Personal name | Rao, Ramesh K. S. |
| 245 12 - TITLE STATEMENT | |
| Title | A theory of the firm's cost of capital |
| 260 ## - PUBLICATION, DISTRIBUTION, ETC. (IMPRINT) | |
| Place of publication | Hackensack, NJ : |
| Name of publisher | World Scientific, |
| Year of publication | c2007. |
| 300 ## - PHYSICAL DESCRIPTION | |
| Number of Pages | xiv, 88 p. : |
| Other physical details | ill. |
| 650 #0 - SUBJECT ADDED ENTRY--TOPICAL TERM | |
| Topical Term | Corporations |
| Topical Term | Capital costs. |
| Topical Term | Corporate debt. |
| Topical Term | Capital assets pricing model. |
| Topical Term | Financial leverage. |
| 700 1# - ADDED ENTRY--PERSONAL NAME | |
| Personal name | Stevens, Eric C., |
| 856 40 - ELECTRONIC LOCATION AND ACCESS | |
| Uniform Resource Identifier | http://site.ebrary.com/lib/rucke/Doc?id=10188774 |
No items available.
